00479nam a2200145 a 4500008004100000020001500041050001500056100002400071245009900095260003600194300001900230350000900249650004100258650003400299120416s1984 ||||||||||||||||| || u a0865316074 aUA 855 Afr aArlinghaws, Bruce E10aAfrican security issues: sovereignity, stability and solidalitycedited by Bruce E. Arlinghaws aBoulder, Col.bWestview Pc1984 aix, 229p : ill a0.00 0aAFRICA--STRATEGIC--ASPECTS--CONGRESS aNATIONAL SECURITY--CONGRESSES